[Event "Det åpne NM i hurtigsjakk"]
[Site "Fredrikstad"]
[Date "2012.01.07"]
[Round "1"]
[White "Taksrud, Vidar"]
[Black "Merkesvik, Sondre"]
[Result "1-0"]
[WhiteElo "2006"]
[BlackElo "1641"]
[PlyCount "41"]
[EventDate "2012.??.??"]
[EventType "rapid"]
[EventCountry "NOR"]

1. d4 Nf6 2. Nf3 c5 3. e3 d5 4. c4 Bg4 5. cxd5 cxd4 6. Bb5+ Nbd7 7. Qxd4 a6 8.
Bxd7+ Qxd7 9. Ne5 Qc7 10. Nc3 Bd7 11. O-O g6 12. Bd2 Bg7 13. Rac1 Nxd5 14. Nxd5
Qxe5 15. Nc7+ Kd8 16. Nxa8 Qxd4 17. exd4 Bxd4 18. Ba5+ Ke8 19. Rfd1 Bf6 20.
Rc8+ Bxc8 21. Rd8# 1-0

[Event "Det åpne NM i hurtigsjakk"]
[Site "Fredrikstad"]
[Date "2012.01.07"]
[Round "1"]
[White "Fossan, Petter"]
[Black "Mihajlov, Sebastian"]
[Result "1-0"]
[WhiteElo "2138"]
[BlackElo "1926"]
[PlyCount "149"]
[EventDate "2012.??.??"]
[EventType "rapid"]
[EventCountry "NOR"]

1. e4 e5 2. Bc4 Bc5 3. Nf3 Nc6 4. c3 Nf6 5. d3 h6 6. Bb3 d6 7. Nbd2 O-O 8. Nc4
b5 9. Ne3 a6 10. O-O Ne7 11. Nh4 Be6 12. Qf3 Qd7 13. h3 c6 14. Bd2 d5 15. Rad1
dxe4 16. dxe4 Bxb3 17. axb3 Qd3 18. Nd5 Qxf3 19. Nxe7+ Bxe7 20. Nxf3 Nxe4 21.
Nxe5 Rac8 22. Be3 c5 23. Rd7 Bd6 24. Nf3 Rfd8 25. Rxd8+ Rxd8 26. Ra1 Ra8 27.
Kf1 f5 28. g3 Kf7 29. h4 Kf6 30. Ke2 g5 31. hxg5+ hxg5 32. Nd2 Nxd2 33. Bxd2 a5
34. Rh1 Kg6 35. Kf3 a4 36. Ra1 Kf6 37. bxa4 bxa4 38. Ke2 c4 39. Be3 a3 40. bxa3
Rxa3 41. Bd4+ Ke6 42. Rh1 g4 43. Rh6+ Kd5 44. Rf6 Ra2+ 45. Ke3 f4+ 46. gxf4 Ra1
47. f5 g3 48. Rxd6+ Kxd6 49. fxg3 Kd5 50. Kf4 Rf1+ 51. Kg5 Rd1 52. f6 Ke6 53.
g4 Re1 54. Kf4 Rf1+ 55. Kg3 Rd1 56. Kf3 Rf1+ 57. Ke2 Rh1 58. g5 Rh5 59. Be3 Kf7
60. Kf3 Rh4 61. Bf4 Rh3+ 62. Bg3 Kg6 63. Kg4 Rh8 64. Be5 Rc8 65. Kf4 Rc5 66.
Ke4 Rc8 67. Bf4 Rc6 68. Kd5 Rc8 69. Ke6 Re8+ 70. Kd5 Rc8 71. Be3 Rc7 72. Bf4
Rc8 73. Bd6 Rd8 74. Ke6 Re8+ 75. Be7 1-0

[Event "Det åpne NM i hurtigsjakk"]
[Site "Fredrikstad"]
[Date "2012.01.07"]
[Round "1"]
[White "Gholami, Armin"]
[Black "Lund, Terj"]
[Result "0-1"]
[WhiteElo "1892"]
[BlackElo "1969"]
[PlyCount "84"]
[EventDate "2012.??.??"]
[EventType "rapid"]
[EventCountry "NOR"]

1. e4 Nf6 2. e5 Nd5 3. d4 d6 4. c4 Nb6 5. exd6 exd6 6. Bd3 Be7 7. Ne2 O-O 8.
O-O Nc6 9. b3 Bf6 10. Bb2 Re8 11. Nd2 Bg4 12. f3 Bh5 13. Ne4 Be7 14. Nf4 Bg6
15. a4 d5 16. Nf2 Bxd3 17. Qxd3 dxc4 18. bxc4 Nb4 19. Qf5 Nxc4 20. Bc3 Ne3 21.
Qb5 c6 22. Qxb7 Rb8 23. Qxa7 Nxf1 24. Rxf1 Ra8 25. Qb7 Qb8 26. Qd7 Qxf4 27. Re1
Nd5 28. Nd3 Qd6 29. Qxd6 Bxd6 30. Rc1 Nxc3 31. Rxc3 Rxa4 32. Rxc6 Rxd4 33. Rc3
g6 34. h3 Kg7 35. Kf2 Ra4 36. Rc6 Ra2+ 37. Kf1 Bg3 38. Rc1 Ree2 39. Nb4 Rf2+
40. Ke1 Rxg2+ 41. Kf1 Raf2+ 42. Ke1 Rg1# 0-1

[Event "Det åpne NM i hurtigsjakk"]
[Site "Fredrikstad"]
[Date "2012.01.07"]
[Round "2"]
[White "Urkedal, Frode"]
[Black "Taksrud, Vidar"]
[Result "1-0"]
[WhiteElo "2453"]
[BlackElo "2006"]
[PlyCount "73"]
[EventDate "2012.??.??"]
[EventType "rapid"]
[EventCountry "NOR"]

1. d4 d5 2. c4 c6 3. Nf3 Nf6 4. e3 e6 5. Nbd2 Nbd7 6. Bd3 Be7 7. O-O O-O 8. Qe2
Re8 9. e4 dxc4 10. Nxc4 c5 11. Bg5 cxd4 12. e5 Nd5 13. Qe4 f5 14. exf6 N7xf6
15. Qxd4 Nb4 16. Be2 Nfd5 17. Bxe7 Qxe7 18. Rfc1 Nc6 19. Qe4 Nf6 20. Qh4 e5 21.
Ne3 e4 22. Ng5 Nd4 23. Bc4+ Ne6 24. Nd5 Qd8 25. Nxf6+ Qxf6 26. Qxh7+ Kf8 27.
Nxe4 Qe5 28. Re1 b5 29. Bb3 Bb7 30. Ng3 Qf6 31. Rad1 Rac8 32. Rd7 Qh6 33. Qxh6
gxh6 34. Rxb7 Nc5 35. Rf7+ Kg8 36. Rfe7+ Kf8 37. Rxe8+ 1-0

[Event "Det åpne NM i hurtigsjakk"]
[Site "Fredrikstad"]
[Date "2012.01.07"]
[Round "2"]
[White "Lund, Terj"]
[Black "Fossan, Petter"]
[Result "0-1"]
[WhiteElo "1969"]
[BlackElo "2138"]
[PlyCount "112"]
[EventDate "2012.??.??"]
[EventType "rapid"]
[EventCountry "NOR"]

1. d4 Nf6 2. c4 g6 3. g3 Bg7 4. Bg2 O-O 5. Nc3 c5 6. Nf3 cxd4 7. Nxd4 Nc6 8.
O-O d6 9. Nxc6 bxc6 10. Bxc6 Rb8 11. Bg2 Qa5 12. Rb1 Be6 13. a3 Bxc4 14. Re1
Ng4 15. Bd2 Bb3 16. Qc1 Qc5 17. Ne4 Qf5 18. h3 Ne5 19. Bc3 Rfc8 20. g4 Qe6 21.
Qf4 h6 22. Nd2 Ba2 23. Rbc1 Bd5 24. Bxd5 Qxd5 25. Red1 Qb5 26. Qe3 Rb7 27. f4
Nc4 28. Nxc4 Rxc4 29. Bxg7 Kxg7 30. Rxc4 Qxc4 31. Rc1 Qb3 32. Qxb3 Rxb3 33. Rc2
Rxh3 34. Rc7 Kf6 35. Rxa7 Rb3 36. Kf2 Rxb2 37. Kf3 d5 38. Ra6+ e6 39. a4 Rb3+
40. Kf2 h5 41. gxh5 gxh5 42. Ra7 h4 43. a5 Ra3 44. a6 Kg6 45. Ra8 Kf5 46. Rh8
Rxa6 47. Rxh4 Ke4 48. Rh7 f5 49. Rh4 d4 50. Ke1 Ke3 51. Rh3+ Kxf4 52. Kf2 Ke4
53. Rh4+ f4 54. Rh8 e5 55. Rf8 Ra2 56. Ke1 Ke3 0-1

[Event "Det åpne NM i hurtigsjakk"]
[Site "Fredrikstad"]
[Date "2012.01.07"]
[Round "2"]
[White "Miezis, Normunds"]
[Black "Omtvedt, Per"]
[Result "1-0"]
[WhiteElo "2497"]
[BlackElo "1989"]
[PlyCount "37"]
[EventDate "2012.??.??"]
[EventType "rapid"]
[EventCountry "NOR"]

1. c4 c5 2. Nc3 Nc6 3. g3 g6 4. Bg2 Bg7 5. a3 d6 6. Rb1 a5 7. d3 e5 8. Nd5 Nge7
9. Bg5 O-O 10. Nf6+ Kh8 11. h4 h5 12. e4 Nd4 13. g4 Bxg4 14. Nxg4 hxg4 15. h5
f6 16. Bd2 f5 17. hxg6+ Kg8 18. exf5 Nexf5 19. Bd5+ 1-0

[Event "Det åpne NM i hurtigsjakk"]
[Site "Fredrikstad"]
[Date "2012.01.07"]
[Round "2"]
[White "Johansen, Paul"]
[Black "Haugli, Petter"]
[Result "0-1"]
[WhiteElo "2031"]
[BlackElo "2281"]
[PlyCount "82"]
[EventDate "2012.??.??"]
[EventType "rapid"]
[EventCountry "NOR"]

1. d4 Nf6 2. Bg5 e6 3. e4 c5 4. Bxf6 Qxf6 5. e5 Qd8 6. Nf3 Qb6 7. Nc3 cxd4 8.
Nb5 Nc6 9. a3 a6 10. Nbxd4 Qxb2 11. Be2 Qc3+ 12. Kf1 Nxd4 13. Nxd4 Bc5 14. Nb3
Qxe5 15. Bf3 O-O 16. g3 Ba7 17. Kg2 d5 18. Re1 Qc3 19. a4 Bd7 20. a5 Rac8 21.
Ra2 Rc7 22. Nc1 Rfc8 23. Nd3 Qd4 24. Re2 Bb5 25. Rd2 Rc3 26. Nf4 Qf6 27. Kg1 g5
28. Nd3 Bxd3 29. Rxd3 g4 30. Rxc3 Rxc3 31. Bxg4 Qxf2+ 32. Kh1 Bd4 33. Be2 h5
34. Bd3 Rxd3 35. cxd3 Qxa2 36. Qxh5 Qb1+ 37. Kg2 Qg1+ 38. Kh3 Qf1+ 39. Kg4 Qe2+
40. Kg5 Bf6+ 41. Kh6 Qe3+ 0-1

[Event "Det åpne NM i hurtigsjakk"]
[Site "Fredrikstad"]
[Date "2012.01.07"]
[Round "3"]
[White "Fossan, Petter"]
[Black "Urkedal, Frode"]
[Result "0-1"]
[WhiteElo "2138"]
[BlackElo "2453"]
[PlyCount "36"]
[EventDate "2012.??.??"]
[EventType "rapid"]
[EventCountry "NOR"]

1. e4 e5 2. Bc4 Nc6 3. Nf3 Nf6 4. d3 Be7 5. O-O O-O 6. Bb3 d5 7. exd5 Nxd5 8.
Re1 Bg4 9. h3 Bxf3 10. Qxf3 Nd4 11. Qxd5 Qxd5 12. Bxd5 Nxc2 13. Rxe5 Rae8 14.
Bxb7 Bd6 15. Rxe8 Rxe8 16. Be3 Nxa1 17. Na3 Rb8 18. Bd5 Rxb2 0-1

[Event "Det åpne NM i hurtigsjakk"]
[Site "Fredrikstad"]
[Date "2012.01.07"]
[Round "3"]
[White "Haugli, Petter"]
[Black "Miezis, Normunds"]
[Result "1/2-1/2"]
[WhiteElo "2281"]
[BlackElo "2497"]
[PlyCount "176"]
[EventDate "2012.??.??"]
[EventType "rapid"]
[EventCountry "NOR"]

1. d4 Nf6 2. c4 c5 3. d5 e6 4. Nc3 exd5 5. cxd5 Bd6 6. e4 Qe7 7. Bd3 c4 8. Bxc4
Nxe4 9. Nxe4 Qxe4+ 10. Qe2 Bb4+ 11. Bd2 Bxd2+ 12. Kxd2 Qxe2+ 13. Nxe2 d6 14.
Nd4 a6 15. Rhe1+ Kd8 16. Re3 Nd7 17. Rc1 Ne5 18. Be2 Re8 19. f4 Ng6 20. Rxe8+
Kxe8 21. g3 Ne7 22. Bf3 Kd8 23. Be4 h6 24. a3 Bd7 25. Kd3 a5 26. b3 Rc8 27.
Rxc8+ Kxc8 28. b4 axb4 29. axb4 Kc7 30. Kc4 Kb6 31. Bd3 g6 32. Be4 Bh3 33. Bf3
Ng8 34. Kc3 Nf6 35. Kc4 h5 36. Kc3 Bg4 37. Bg2 Bd1 38. Kd2 Bg4 39. Kc3 Bd7 40.
Bf3 Bg4 41. Bg2 Ne8 42. Be4 Ng7 43. Kc4 Bd7 44. h4 Bg4 45. Kc3 Ne8 46. Kc4 Nf6
47. Bg2 Bd1 48. Kd3 Ng4 49. Kd2 Ba4 50. Bf3 Nh2 51. Be2 Bd7 52. Ke3 Bg4 53.
Bxg4 Nxg4+ 54. Kd3 Nf6 55. Kc4 Ne4 56. Ne2 f5 57. Kb3 Nd2+ 58. Kc3 Nf1 59. Kc4
Ka6 60. Kb3 Ne3 61. Nc3 Kb6 62. Kb2 Nf1 63. Ne2 Kb5 64. Kb3 Nd2+ 65. Kc3 Ne4+
66. Kb3 Kb6 67. Kc4 Ka6 68. Kb3 b6 69. Kc4 Kb7 70. Kd4 b5 71. Ke3 Kb6 72. Kd4
Kc7 73. Ke3 Nf6 74. Kd4 Kb6 75. Nc3 Ka6 76. Ne2 Ne4 77. Kd3 Kb6 78. Kd4 Nd2 79.
Kc3 Nf1 80. Kd3 Ka6 81. Kd4 Kb6 82. Kd3 Nh2 83. Kd4 Nf1 84. Kd3 Ka6 85. Kd4 Kb6
86. Kd3 Ka6 87. Kd4 Kb6 88. Kd3 Kc7 1/2-1/2

[Event "Det åpne NM i hurtigsjakk"]
[Site "Fredrikstad"]
[Date "2012.01.07"]
[Round "3"]
[White "Hammer, Jon Ludvig"]
[Black "Fossan, Erik"]
[Result "1-0"]
[WhiteElo "2621"]
[BlackElo "2299"]
[PlyCount "67"]
[EventDate "2012.??.??"]
[EventType "rapid"]
[EventCountry "NOR"]

1. d4 Nf6 2. c4 e6 3. Nc3 Bb4 4. Nf3 c5 5. g3 Ne4 6. Qc2 Qa5 7. Qxe4 Bxc3+ 8.
Bd2 Bxd2+ 9. Nxd2 Nc6 10. d5 Nd4 11. e3 Nb3 12. Rd1 Qxa2 13. Bd3 Qxb2 14. Nxb3
Qxb3 15. O-O Qc3 16. g4 g6 17. f4 f5 18. gxf5 gxf5 19. Qf3 Qf6 20. d6 a5 21.
Kh1 Rg8 22. e4 fxe4 23. Bxe4 Ra7 24. Qh5+ Kf8 25. Qxc5 Ra8 26. f5 e5 27. Rg1 a4
28. Rxg8+ Kxg8 29. Rg1+ Kf8 30. Bd5 Qh8 31. Qc7 Ke8 32. f6 Qxf6 33. Rg8+ Qf8
34. Qd8+ 1-0

[Event "Det åpne NM i hurtigsjakk"]
[Site "Fredrikstad"]
[Date "2012.01.07"]
[Round "4"]
[White "Urkedal, Frode"]
[Black "Hammer, Jon Ludvig"]
[Result "0-1"]
[WhiteElo "2453"]
[BlackElo "2621"]
[PlyCount "46"]
[EventDate "2012.??.??"]
[EventType "rapid"]
[EventCountry "NOR"]

1. d4 Nf6 2. c4 e6 3. Nc3 Bb4 4. e3 O-O 5. Bd3 c5 6. Nf3 d5 7. O-O cxd4 8. exd4
dxc4 9. Bxc4 b6 10. Bg5 Bb7 11. Qe2 Nbd7 12. Ne5 h6 13. Nxd7 Qxd7 14. Bxf6 gxf6
15. Qg4+ Kh7 16. d5 Bxc3 17. dxe6 Qc6 18. exf7 f5 19. Bd3 Kh8 20. Qh3 Bxb2 21.
Rab1 Bg7 22. Rbc1 Qg6 23. Rc7 Rxf7 0-1

[Event "Det åpne NM i hurtigsjakk"]
[Site "Fredrikstad"]
[Date "2012.01.07"]
[Round "4"]
[White "Miezis, Normunds"]
[Black "Hobber, Anders"]
[Result "1-0"]
[WhiteElo "2497"]
[BlackElo "2200"]
[PlyCount "28"]
[EventDate "2012.??.??"]
[EventType "rapid"]
[EventCountry "NOR"]

1. c4 e6 2. e4 d5 3. exd5 exd5 4. d4 Bb4+ 5. Nc3 Ne7 6. Bd3 O-O 7. Nf3 Bf5 8.
Be2 dxc4 9. Bxc4 Nd5 10. Qb3 Qe7+ 11. Kf1 Bxc3 12. bxc3 c6 13. Ba3 Qd8 14. Bxf8
Kxf8 1-0

[Event "Det åpne NM i hurtigsjakk"]
[Site "Fredrikstad"]
[Date "2012.01.07"]
[Round "4"]
[White "Tari, Aryan"]
[Black "Aulin-Jansson, Jøran"]
[Result "0-1"]
[WhiteElo "2189"]
[BlackElo "2168"]
[PlyCount "92"]
[EventDate "2012.??.??"]
[EventType "rapid"]
[EventCountry "NOR"]

1. e4 e5 2. Nf3 Nc6 3. Bb5 a6 4. Ba4 Nf6 5. O-O b5 6. Bb3 Bb7 7. Re1 Be7 8. h3
O-O 9. c3 d5 10. exd5 Nxd5 11. Nxe5 Nxe5 12. Rxe5 Nf4 13. d4 Nxg2 14. d5 Nh4
15. Re1 Qd7 16. Qd3 Bc5 17. Bg5 Ng6 18. Nd2 Bb6 19. Rad1 c6 20. Ne4 cxd5 21.
Kg2 Qf5 22. Bxd5 Rad8 23. Nf6+ Qxf6 24. Bxf6 Rxd5 25. Qxd5 Bxd5+ 26. Kg1 Bxa2
27. Bd4 Bxd4 28. Rxd4 Be6 29. Kg2 a5 30. Ra1 a4 31. Rad1 h6 32. Kg3 Re8 33. Rd8
Kf8 34. Rxe8+ Kxe8 35. Rd6 Ne5 36. Rb6 Bc4 37. Kf4 Nd3+ 38. Ke3 Nxb2 39. Ra6
Kd7 40. Kd4 Nd3 41. Ra7+ Kc6 42. f3 Kb6 43. Ra8 Kb7 44. Ra5 Nf4 45. h4 Ne6+ 46.
Ke3 Nc7 0-1

[Event "Det åpne NM i hurtigsjakk"]
[Site "Fredrikstad"]
[Date "2012.01.07"]
[Round "5"]
[White "Hammer, Jon Ludvig"]
[Black "Miezis, Normunds"]
[Result "1-0"]
[WhiteElo "2621"]
[BlackElo "2497"]
[PlyCount "81"]
[EventDate "2012.??.??"]
[EventType "rapid"]
[EventCountry "NOR"]

1. d4 Nf6 2. c4 e6 3. Nc3 Bb4 4. Nf3 c5 5. g3 O-O 6. Bg2 d5 7. cxd5 Nxd5 8. Bd2
cxd4 9. Nxd5 Bxd2+ 10. Qxd2 Qxd5 11. Qxd4 Qh5 12. Ne5 f6 13. Nd3 Nc6 14. Qc5
Qf7 15. O-O e5 16. Bxc6 bxc6 17. Nb4 Bh3 18. Rfd1 Rab8 19. b3 Rb5 20. Qd6 Qh5
21. Qd2 Bg4 22. f3 e4 23. fxg4 Qc5+ 24. Kg2 Rxb4 25. Rac1 Qe7 26. Qd6 Qxd6 27.
Rxd6 e3 28. Kf3 h6 29. Rdxc6 f5 30. Rc8 fxg4+ 31. Kxe3 Rb8 32. Rxb8 Rxb8 33.
Rc7 a6 34. Ra7 Rb6 35. Kf4 h5 36. e4 Kh7 37. Kf5 Rf6+ 38. Kg5 Re6 39. Kxh5 Rxe4
40. Rxa6 Rd4 41. Kg5 1-0

[Event "Det åpne NM i hurtigsjakk"]
[Site "Fredrikstad"]
[Date "2012.01.07"]
[Round "5"]
[White "Aulin-Jansson, Jøran"]
[Black "Haugli, Petter"]
[Result "1-0"]
[WhiteElo "2168"]
[BlackElo "2281"]
[PlyCount "36"]
[EventDate "2012.??.??"]
[EventType "rapid"]
[EventCountry "NOR"]

1. Nf3 Nf6 2. d4 g6 3. c4 Bg7 4. Nc3 O-O 5. e4 d6 6. Be2 e5 7. dxe5 dxe5 8.
Qxd8 Rxd8 9. Bg5 Re8 10. Nd5 Nxd5 11. cxd5 c6 12. O-O Bg4 13. h3 Bxf3 14. Bxf3
cxd5 15. exd5 Nd7 16. Rac1 e4 17. Be2 Rac8 18. Bb5 Ra8 1-0

[Event "Det åpne NM i hurtigsjakk"]
[Site "Fredrikstad"]
[Date "2012.01.07"]
[Round "5"]
[White "Kvisvik, Brede A"]
[Black "Urkedal, Frode"]
[Result "0-1"]
[WhiteElo "2318"]
[BlackElo "2453"]
[PlyCount "80"]
[EventDate "2012.??.??"]
[EventType "rapid"]
[EventCountry "NOR"]

1. e4 c5 2. Nf3 d6 3. d4 cxd4 4. Nxd4 Nf6 5. Nc3 g6 6. Be3 Bg7 7. f3 Nc6 8. Qd2
O-O 9. O-O-O d5 10. exd5 Nxd5 11. Nxc6 bxc6 12. Bd4 Bxd4 13. Qxd4 Qb6 14. Na4
Qc7 15. h4 Rb8 16. h5 Rb4 17. Bc4 Qf4+ 18. Qxf4 Nxf4 19. b3 Nxh5 20. Rd4 Ng3
21. Re1 Kg7 22. Rxe7 Nf5 23. Rde4 Nxe7 24. Rxe7 Rb7 25. Re5 Kf6 26. Rc5 Rc7 27.
Nc3 Be6 28. Ba6 Rd8 29. Nb5 Rcd7 30. Rxc6 Rd2 31. Nc7 Rxg2 32. Bc4 Rg1+ 33. Kb2
Re1 34. Ra6 h5 35. Nxe6 fxe6 36. Rxa7 Rh8 37. Bd3 h4 38. Ra4 h3 39. Rg4 h2 40.
Rxg6+ Kf7 0-1

[Event "Det åpne NM i hurtigsjakk"]
[Site "Fredrikstad"]
[Date "2012.01.07"]
[Round "5"]
[White "Fossan, Petter"]
[Black "Myhrvold, Rune"]
[Result "0-1"]
[WhiteElo "2138"]
[BlackElo "2154"]
[PlyCount "167"]
[EventDate "2012.??.??"]
[EventType "rapid"]
[EventCountry "NOR"]

1. e4 c6 2. d4 d5 3. exd5 cxd5 4. c4 Nf6 5. Nc3 Nc6 6. Nf3 Bg4 7. cxd5 Nxd5 8.
Be2 e6 9. O-O Be7 10. Be3 O-O 11. Qb3 Na5 12. Qa4 a6 13. Nxd5 Qxd5 14. h3 Bh5
15. Rfc1 Rac8 16. g4 Bg6 17. Ne5 Rfd8 18. Bf3 Qb5 19. Qxb5 axb5 20. Be2 b4 21.
Bf3 Bf6 22. Rxc8 Rxc8 23. Rd1 Bc2 24. Re1 b3 25. axb3 Bxb3 26. Ra1 b6 27. Nd7
Bd8 28. d5 Nc4 29. dxe6 fxe6 30. Be2 Nxe3 31. fxe3 Bg5 32. Ra3 Bxe3+ 33. Kh2
Bf4+ 34. Kg2 Bd5+ 35. Kf2 b5 36. Nb6 Rc2 37. Nxd5 exd5 38. Rb3 d4 39. Kf3 Bc1
40. Rxb5 Bxb2 41. Rb3 Bc1 42. Rb4 Be3 43. Bc4+ Kf8 44. Bd3 Rc3 45. Ke4 Ke7 46.
Rb5 Rc6 47. Kf3 g6 48. h4 Rf6+ 49. Kg3 Bf2+ 50. Kg2 Bxh4 51. Rb7+ Kd6 52. Rxh7
g5 53. Bf5 Ke5 54. Re7+ Kd6 55. Re4 Kc5 56. Kf3 Rb6 57. Re5+ Kc4 58. Ke2 Rb2+
59. Kd1 d3 60. Re8 Rb1+ 61. Kd2 Rb2+ 62. Kd1 Bf2 63. Rc8+ Bc5 64. Kc1 Rg2 65.
Rc7 d2+ 66. Kd1 Kd4 67. Rd7+ Ke3 68. Rd5 Bb4 69. Kc2 Rg1 70. Rd3+ Kf4 71. Rd4+
Ke5 72. Rxb4 d1=Q+ 73. Kc3 Qe1+ 74. Kb3 Rg3+ 75. Ka4 Qa1+ 76. Kb5 Qf1+ 77. Kb6
Rc3 78. Rb5+ Kf4 79. Rb4+ Kg3 80. Kb7 Qa1 81. Be4 Qa5 82. Bc6 Qc5 83. Rb6 Kxg4
84. Bd7+ 0-1

[Event "Det åpne NM i hurtigsjakk"]
[Site "Fredrikstad"]
[Date "2012.01.07"]
[Round "6"]
[White "Hammer, Jon Ludvig"]
[Black "Aulin-Jansson, Jøran"]
[Result "1-0"]
[WhiteElo "2621"]
[BlackElo "2168"]
[PlyCount "71"]
[EventDate "2012.??.??"]
[EventType "rapid"]
[EventCountry "NOR"]

1. d4 Nf6 2. c4 g6 3. Nc3 Bg7 4. e4 d6 5. Be2 O-O 6. Nf3 e5 7. Be3 Nc6 8. d5
Ne7 9. Nd2 Ne8 10. b4 f5 11. f3 f4 12. Bf2 g5 13. c5 Rf6 14. Nc4 Rg6 15. Rc1 h5
16. h3 Bd7 17. a4 g4 18. hxg4 hxg4 19. fxg4 Nc8 20. Na5 Rb8 21. c6 bxc6 22.
Nxc6 Bxc6 23. dxc6 Rxb4 24. Na2 Rd4 25. Bxd4 exd4 26. Nb4 Qg5 27. Rh5 Qe7 28.
Qb3+ Kf8 29. Qd5 Be5 30. Qb3 Kg7 31. Nd5 Qd8 32. a5 Ne7 33. Qh3 Nxd5 34. Rh7+
Kg8 35. Bc4 Nef6 36. Rh8+ 1-0

[Event "Det åpne NM i hurtigsjakk"]
[Site "Fredrikstad"]
[Date "2012.01.07"]
[Round "6"]
[White "Urkedal, Frode"]
[Black "Myhrvold, Rune"]
[Result "1-0"]
[WhiteElo "2453"]
[BlackElo "2154"]
[PlyCount "55"]
[EventDate "2012.??.??"]
[EventType "rapid"]
[EventCountry "NOR"]

1. d4 d6 2. Nf3 Nc6 3. e4 e5 4. Bb5 Bg4 5. d5 a6 6. Be2 Nce7 7. c4 Ng6 8. g3
Be7 9. Nc3 h5 10. h4 Nf6 11. Ng5 Bxe2 12. Qxe2 c6 13. Be3 cxd5 14. cxd5 Rc8 15.
O-O Qd7 16. Rfc1 Ng4 17. Bd2 Bd8 18. Nd1 Rxc1 19. Rxc1 O-O 20. Qc4 Bb6 21. Qb3
Bd4 22. Kg2 Rc8 23. Rxc8+ Qxc8 24. Qf3 Nf6 25. Ne3 Bxe3 26. Qxe3 Qc4 27. Qc3
Qe2 28. Qc7 1-0

[Event "Det åpne NM i hurtigsjakk"]
[Site "Fredrikstad"]
[Date "2012.01.07"]
[Round "6"]
[White "Merkesvik, Sondre"]
[Black "Miezis, Normunds"]
[Result "0-1"]
[WhiteElo "1641"]
[BlackElo "2497"]
[PlyCount "130"]
[EventDate "2012.??.??"]
[EventType "rapid"]
[EventCountry "NOR"]

1. Nf3 c5 2. g3 Nc6 3. Bg2 e5 4. O-O g6 5. d3 Bg7 6. c4 Nge7 7. Nc3 O-O 8. a3
d6 9. Rb1 a5 10. Bd2 h6 11. Ne1 Kh7 12. Nc2 a4 13. Ne3 Nd4 14. Nc2 Nb3 15. Na1
Nxd2 16. Qxd2 f5 17. Nc2 f4 18. f3 h5 19. e3 fxe3 20. Nxe3 Bh6 21. Qe2 Nc6 22.
Nc2 Bf5 23. Nd5 Rb8 24. Kh1 b5 25. cxb5 Rxb5 26. Nc3 Ra5 27. f4 Nd4 28. Nxd4
cxd4 29. Nd5 exf4 30. Nxf4 Re8 31. Qc2 h4 32. Nd5 hxg3 33. hxg3 Re5 34. Be4
Rexd5 35. Bxd5 Rxd5 36. Rf3 Qd7 37. Re1 Be3 38. Qh2+ Kg7 39. Qh4 Re5 40. g4 g5
41. Qg3 Bxg4 42. Rfxe3 dxe3 43. Rxe3 Qc6+ 44. Re4 Qc1+ 45. Kg2 Qxb2+ 46. Kg1
Qb1+ 47. Kh2 Qc2+ 48. Kg1 Qd1+ 49. Kh2 Rxe4 50. dxe4 Kg6 51. e5 Qe2+ 52. Kg1
dxe5 53. Qc3 Qd1+ 54. Kh2 Qd6 55. Kg1 Qd4+ 56. Qxd4 exd4 57. Kf2 Kf5 58. Ke1
Ke4 59. Kd2 Bf3 60. Ke1 Ke3 61. Kf1 g4 62. Kg1 g3 63. Kf1 d3 64. Ke1 d2+ 65.
Kf1 d1=R# 0-1

[Event "Det åpne NM i hurtigsjakk"]
[Site "Fredrikstad"]
[Date "2012.01.07"]
[Round "6"]
[White "Haugli, Petter"]
[Black "Tari, Aryan"]
[Result "1-0"]
[WhiteElo "2281"]
[BlackElo "2189"]
[PlyCount "141"]
[EventDate "2012.??.??"]
[EventType "rapid"]
[EventCountry "NOR"]

1. d4 Nf6 2. c4 e6 3. Nc3 Bb4 4. Qc2 O-O 5. Nf3 d5 6. cxd5 exd5 7. Bf4 Ne4 8.
e3 c5 9. Bd3 Re8 10. O-O Bf5 11. dxc5 Nc6 12. Nd4 Bg6 13. Nxc6 bxc6 14. Nxe4
Bxe4 15. Rac1 Ba5 16. a3 Bc7 17. Bxc7 Qxc7 18. Rfd1 a5 19. Bxe4 Rxe4 20. Rd4
Rae8 21. Rcd1 R4e6 22. Rh4 h6 23. Rdd4 Qe7 24. Rh3 Qf6 25. Qd2 Re4 26. Rxe4
Rxe4 27. Rf3 Qg6 28. Qxa5 Rg4 29. g3 Rc4 30. Kg2 Rc1 31. Qd8+ Kh7 32. Qc8 Rxc5
33. Qf8 Rc2 34. Qxf7 Rxb2 35. a4 Ra2 36. Qa7 Ra1 37. Qd4 Ra2 38. Rf4 Qe6 39. h4
Qg6 40. Rg4 Qf7 41. Qf4 Qe6 42. h5 c5 43. Rg6 Qe4+ 44. Qxe4 dxe4 45. Rc6 Rxa4
46. Rxc5 Rb4 47. Re5 Ra4 48. Kh3 Ra2 49. Rf5 Rb2 50. Rf4 Ra2 51. g4 Kg8 52. Kg3
Ra4 53. f3 Ra1 54. Rxe4 Rg1+ 55. Kf4 Ra1 56. Re5 Ra4+ 57. e4 Kf7 58. Kf5 Ra3
59. f4 Ra6 60. Rb5 Rf6+ 61. Ke5 Re6+ 62. Kd4 Rd6+ 63. Rd5 Ra6 64. g5 hxg5 65.
fxg5 Ra1 66. Ke5 Rh1 67. Rd7+ Kg8 68. Kf5 Kh7 69. h6 Kh8 70. Kg6 gxh6 71. Rd8#
1-0

[Event "Det åpne NM i hurtigsjakk"]
[Site "Fredrikstad"]
[Date "2012.01.08"]
[Round "7"]
[White "Aulin-Jansson, Jøran"]
[Black "Urkedal, Frode"]
[Result "1/2-1/2"]
[WhiteElo "2168"]
[BlackElo "2453"]
[PlyCount "70"]
[EventDate "2012.??.??"]
[EventType "rapid"]
[EventCountry "NOR"]

1. e4 c5 2. Nf3 d6 3. d4 cxd4 4. Nxd4 Nf6 5. Nc3 g6 6. Be3 Bg7 7. f3 Nc6 8. Qd2
O-O 9. O-O-O d5 10. exd5 Nxd5 11. Nxc6 bxc6 12. Bd4 Bxd4 13. Qxd4 Qb6 14. Na4
Qc7 15. h4 Rb8 16. a3 h5 17. Bc4 Bf5 18. g4 hxg4 19. fxg4 e5 20. Qc5 Nb6 21.
Nxb6 axb6 22. Qd6 Qxd6 23. Rxd6 Bc8 24. Rxg6+ Kh8 25. Rf1 Be6 26. Rxe6 fxe6 27.
Re1 Rf4 28. Bxe6 e4 29. Bf5 Re8 30. Re3 Rf1+ 31. Kd2 Rf2+ 32. Kc3 Rf3 33. Kd2
Rf2+ 34. Kc3 Rf3 35. Kd2 Rf2+ 1/2-1/2

[Event "Det åpne NM i hurtigsjakk"]
[Site "Fredrikstad"]
[Date "2012.01.08"]
[Round "7"]
[White "Miezis, Normunds"]
[Black "Grønn, Atle"]
[Result "1-0"]
[WhiteElo "2497"]
[BlackElo "2354"]
[PlyCount "95"]
[EventDate "2012.??.??"]
[EventType "rapid"]
[EventCountry "NOR"]

1. c4 g6 2. Nc3 Bg7 3. g3 e5 4. Bg2 Ne7 5. d3 O-O 6. Rb1 a5 7. f4 d6 8. Nf3
Nbc6 9. O-O Nd4 10. e3 Nxf3+ 11. Qxf3 c6 12. e4 f5 13. Qe2 Be6 14. Be3 Kh8 15.
Rbd1 c5 16. fxe5 Bxe5 17. Bg5 Qd7 18. Nd5 Nxd5 19. cxd5 Bg8 20. Kh1 Rae8 21.
Bh6 Rf7 22. Bh3 Qb5 23. Bf4 Bg7 24. Qg2 fxe4 25. dxe4 Rfe7 26. Rfe1 Be5 27.
Bxe5+ Rxe5 28. Qf3 Kg7 29. Rf1 Rxe4 30. Qf6+ Kh6 31. Bg2 R4e5 32. g4 Qd7 33.
Qf4+ Kg7 34. Qf6+ Kh6 35. Rd3 Qxg4 36. Rh3+ Rh5 37. Rxh5+ Qxh5 38. Qxd6 Qe5 39.
Qxc5 Rd8 40. Rd1 Rd6 41. Qxa5 Qxb2 42. Qc5 Qe5 43. h3 Bf7 44. Rf1 Kg7 45. Qc7
Kh6 46. Qxf7 Rb6 47. Qf8+ Kg5 48. Qd8+ 1-0

[Event "Det åpne NM i hurtigsjakk"]
[Site "Fredrikstad"]
[Date "2012.01.08"]
[Round "7"]
[White "Fossan, Petter"]
[Black "Mihajlov, Svetoslav"]
[Result "1/2-1/2"]
[WhiteElo "2138"]
[BlackElo "2043"]
[PlyCount "88"]
[EventDate "2012.??.??"]
[EventType "rapid"]
[EventCountry "NOR"]

1. e4 e5 2. Bc4 Nf6 3. d3 Bc5 4. Nf3 Nc6 5. c3 a6 6. h3 Ba7 7. Nbd2 d6 8. Bb3
Be6 9. Nf1 h6 10. Ng3 d5 11. Qe2 dxe4 12. dxe4 Bxb3 13. axb3 Qd7 14. Nf5 Kf8
15. Bd2 Rd8 16. O-O Qd3 17. Rfe1 Qxe2 18. Rxe2 Kg8 19. b4 Bb6 20. Be3 Bxe3 21.
Nxe3 Kh7 22. Nc4 Rhe8 23. Na5 Nxa5 24. Rxa5 Rd1+ 25. Kh2 Nd7 26. Rd5 Rxd5 27.
exd5 f5 28. Nd4 g6 29. Ne6 Rc8 30. Nc5 Nxc5 31. bxc5 Re8 32. Kg3 g5 33. Rd2 Re7
34. Kf3 Kg6 35. b4 Rd7 36. c4 Kf6 37. g4 h5 38. gxh5 Kg7 39. b5 axb5 40. cxb5
b6 41. d6 bxc5 42. dxc7 Rxc7 43. Rd6 c4 44. Rc6 Rb7 1/2-1/2

[Event "Det åpne NM i hurtigsjakk"]
[Site "Fredrikstad"]
[Date "2012.01.08"]
[Round "8"]
[White "Grønn, Atle"]
[Black "Hammer, Jon Ludvig"]
[Result "0-1"]
[WhiteElo "2354"]
[BlackElo "2621"]
[PlyCount "24"]
[EventDate "2012.??.??"]
[EventType "rapid"]
[EventCountry "NOR"]

1. Nf3 d5 2. d4 Nf6 3. c4 e6 4. g3 Bb4+ 5. Bd2 Be7 6. Bg2 O-O 7. Qc2 c6 8. O-O
b6 9. Rd1 Bb7 10. Bf4 Nbd7 11. b3 Nh5 12. Bc1 f5 {Trekk mangler.} 0-1